Normal view
MARC view
Entry Personal Name
001 - CONTROL NUMBER
- control field: 57771
003 - CONTROL NUMBER IDENTIFIER
- control field: OSt
005 - DATE AND TIME OF LATEST TRANSACTION
- control field: 20160517174652.0
008 - FIXED-LENGTH DATA ELEMENTS
- fixed length control field: 160517|| aca||aabn | a|a d
040 ## - CATALOGING SOURCE
- Original cataloging agency: OSt
- Transcribing agency: OSt
100 ## - HEADING--PERSONAL NAME
- Personal name: सिंह, के पी
670 ## - SOURCE DATA FOUND
- Source citation: Work cat.: (OSt)18329: सिंह, के पी, अर्द्धजन्मा , 2002









